<?xml version="1.0" encoding="UTF-8"?>
<record
    xmlns:xsi="http://www.w3.org/2001/XMLSchema-instance"
    xsi:schemaLocation="http://www.loc.gov/MARC21/slim http://www.loc.gov/standards/marcxml/schema/MARC21slim.xsd"
    xmlns="http://www.loc.gov/MARC21/slim">

  <leader>01472    a2200193   4500</leader>
  <controlfield tag="001">54969</controlfield>
  <controlfield tag="005">20260407155825.0</controlfield>
  <controlfield tag="008">260407a1964    arg                 spa d</controlfield>
  <controlfield tag="003">AR-UNSa-BCEJYS</controlfield>
  <datafield tag="040" ind1=" " ind2=" ">
    <subfield code="a">AR-UNSa-BCEJYS</subfield>
    <subfield code="b">spa</subfield>
    <subfield code="c">AR-UNSa-BCEJYS</subfield>
  </datafield>
  <datafield tag="080" ind1=" " ind2=" ">
    <subfield code="a">161/162</subfield>
    <subfield code="x">Principios fundamentales de la l&#xF3;gica</subfield>
  </datafield>
  <datafield tag="245" ind1="1" ind2="0">
    <subfield code="a">Introducci&#xF3;n a la l&#xF3;gica y al an&#xE1;lisis formal</subfield>
  </datafield>
  <datafield tag="264" ind1=" " ind2="1">
    <subfield code="a">Barcelona :</subfield>
    <subfield code="b">Ediciones Ariel</subfield>
    <subfield code="c">1964</subfield>
  </datafield>
  <datafield tag="300" ind1=" " ind2=" ">
    <subfield code="a">316 p.</subfield>
    <subfield code="c">24 cm.</subfield>
  </datafield>
  <datafield tag="505" ind1=" " ind2=" ">
    <subfield code="a">1. Noci&#xF3;n de la l&#xF3;gica formal &#x2013; 2. La l&#xF3;gica formal en la investigaci&#xF3;n de fundamentos &#x2013; 3. El ideal del lenguaje bien hecho &#x2013; 4. Las categor&#xED;as l&#xF3;gicas &#x2013; 5. La composici&#xF3;n de enunciados. L&#xF3;gica de enunciados &#x2013; 6. La estructura de los enunciados at&#xF3;micos. L&#xF3;gica de predicados &#x2013; 7. Presentaci&#xF3;n axiom&#xE1;tica del c&#xE1;lculo de predicados de primer orden &#x2013; 8. La deducci&#xF3;n a partir de permisos &#x2013; 9. T&#xE9;cnica de la deducci&#xF3;n natural. Algunos teoremas &#x2013; 10. Formas normales. Comparaci&#xF3;n del sistema axiom&#xE1;tico con el c&#xE1;lculo de la deducci&#xF3;n natural &#x2013; 11. Rendimiento del c&#xE1;lculo l&#xF3;gico elemental &#x2013; 12. La l&#xF3;gica de predicados de orden superior y el teorema de incompletud de Godel &#x2013; 13. Decidibilidad en la l&#xF3;gica elemental &#x2013; 14. L&#xF3;gica de clases &#x2013; 15. L&#xF3;gica de relaciones &#x2013; 16. La divisi&#xF3;n y la definici&#xF3;n &#x2013; 17. El an&#xE1;lisis formal de la inducci&#xF3;n   </subfield>
  </datafield>
  <datafield tag="942" ind1=" " ind2=" ">
    <subfield code="c">BK</subfield>
  </datafield>
  <datafield tag="590" ind1=" " ind2=" ">
    <subfield code="a">niveau_biblio:m niveau_hierar:0</subfield>
  </datafield>
  <datafield tag="100" ind1="1" ind2=" ">
    <subfield code="a">Sacrist&#xE1;n Luz&#xF3;n, Manuel</subfield>
  </datafield>
  <datafield tag="999" ind1=" " ind2=" ">
    <subfield code="c">5855</subfield>
    <subfield code="d">5855</subfield>
  </datafield>
  <datafield tag="952" ind1=" " ind2=" ">
    <subfield code="0">0</subfield>
    <subfield code="1">0</subfield>
    <subfield code="4">0</subfield>
    <subfield code="7">0</subfield>
    <subfield code="a">BCEJYS</subfield>
    <subfield code="b">BCEJYS</subfield>
    <subfield code="c">16</subfield>
    <subfield code="d">2026-04-07</subfield>
    <subfield code="l">0</subfield>
    <subfield code="o">161/162 S123</subfield>
    <subfield code="p">L21747</subfield>
    <subfield code="r">2026-04-07 15:58:25</subfield>
    <subfield code="w">2026-04-07</subfield>
    <subfield code="y">L</subfield>
  </datafield>
</record>
